[Event "PMPJ 2022 - C13"]
[Site "Jastrzebia Gora"]
[Date "2022.11.12"]
[Round "6.4"]
[White "Wojtacha, Krzysztof"]
[Black "Jaszczuk, Piotr"]
[Result "1/2-1/2"]
[BlackElo "1512"]
[WhiteElo "1506"]
[LiveChessVersion "1.4.4"]

1. e4 {[%clk 1:30:57]} c5 {[%clk 1:30:59]} 2. Nf3 {[%clk 1:31:19]} e6
{[%clk 1:31:24]} 3. d4 {[%clk 1:31:44]} cxd4 {[%clk 1:31:47]} 4. Nxd4
{[%clk 1:32:10]} a6 {[%clk 1:32:11]} 5. c4 {[%clk 1:32:33]} Nf6 {[%clk 1:32:30]}
6. Nc3 {[%clk 1:32:58]} Qc7 {[%clk 1:32:17]} 7. Be2 {[%clk 1:31:03]} b6
{[%clk 1:31:43]} 8. Be3 {[%clk 1:27:43]} Bb7 {[%clk 1:30:48]} 9. f3
{[%clk 1:27:33]} d6 {[%clk 1:30:40]} 10. O-O {[%clk 1:27:04]} Nbd7
{[%clk 1:30:03]} 11. Rc1 {[%clk 1:25:09]} Be7 {[%clk 1:27:55]} 12. b4
{[%clk 1:21:44]} O-O {[%clk 1:26:18]} 13. Nb3 {[%clk 1:14:51]} Rfe8
{[%clk 1:23:16]} 14. Qe1 {[%clk 1:13:01]} Rac8 {[%clk 1:21:41]} 15. Qf2
{[%clk 1:11:17]} Bd8 {[%clk 1:19:34]} 16. Rfd1 {[%clk 1:09:46]} Qb8
{[%clk 1:16:51]} 17. Na4 {[%clk 1:05:33]} Ba8 {[%clk 1:13:50]} 18. c5
{[%clk 0:55:07]} b5 {[%clk 1:07:52]} 19. Nb2 {[%clk 0:52:34]} d5 {[%clk 1:06:34]}
20. exd5 {[%clk 0:47:11]} exd5 {[%clk 1:04:41]} 21. Bd4 {[%clk 0:43:10]} Ne5
{[%clk 0:47:59]} 22. Bc3 {[%clk 0:38:36]} Bc7 {[%clk 0:43:05]} 23. g3
{[%clk 0:36:45]} Qb7 {[%clk 0:22:59]} 24. Nd4 {[%clk 0:33:10]} Bb8
{[%clk 0:20:52]} 25. a4 {[%clk 0:28:02]} Nc4 {[%clk 0:14:18]} 26. axb5
{[%clk 0:24:23]} axb5 {[%clk 0:14:03]} 27. Ra1 {[%clk 0:21:33]} Be5
{[%clk 0:11:14]} 28. Nd3 {[%clk 0:18:42]} Bc7 {[%clk 0:02:59]} 29. Ra2
{[%clk 0:14:32]} Rb8 {[%clk 0:01:59]} 30. Rda1 {[%clk 0:13:26]} Qc8
{[%clk 0:00:46]} 31. Nc2 {[%clk 0:12:24]} Qe6 {[%clk 0:00:46]} 32. Nd4
{[%clk 0:10:10]} Qd7 {[%clk 0:00:57]} 33. Ra6 {[%clk 0:09:23]} Rec8
{[%clk 0:00:53]} 34. Nb2 {[%clk 0:07:29]} Qe8 {[%clk 0:00:45]} 35. Re1
{[%clk 0:04:17]} Qf8 {[%clk 0:00:58]} 36. Nf5 {[%clk 0:03:45]} Re8
{[%clk 0:00:45]} 37. Nxc4 {[%clk 0:02:49]} bxc4 {[%clk 0:00:39]} 38. Bxf6
{[%clk 0:01:23]} gxf6 {[%clk 0:00:59]} 39. Rb1 {[%clk 0:01:07]} Be5
{[%clk 0:01:05]} 40. b5 {[%clk 0:00:54]} Rec8 {[%clk 0:00:46]} 41. c6
{[%clk 0:00:48]} Bxc6 {[%clk 0:00:48]} 42. b6 {[%clk 0:00:57]} Bb7
{[%clk 0:01:02]} 43. Ra5 {[%clk 0:00:41]} c3 {[%clk 0:01:11]} 44. Bd3
{[%clk 0:01:03]} Qd8 {[%clk 0:00:37]} 45. Bc2 {[%clk 0:00:58]} d4
{[%clk 0:00:52]} 46. Qe2 Rc6 {[%clk 0:00:39]} 47. Rxe5 {[%clk 0:00:36]} fxe5
{[%clk 0:00:40]} 48. Qxe5 {[%clk 0:00:56]} Rf6 {[%clk 0:00:55]} 49. Ne7+
{[%clk 0:00:54]} Kg7 {[%clk 0:01:08]} 50. Qg5+ {[%clk 0:00:44]} Rg6
{[%clk 0:01:33]} 51. Qe5+ {[%clk 0:00:39]} f6 {[%clk 0:01:18]} 52. Qc7
{[%clk 0:00:54]} d3 {[%clk 0:00:38]} 53. Bxd3 {[%clk 0:00:32]} Qd4+
{[%clk 0:00:44]} 54. Kg2 {[%clk 0:00:36]} Bxf3+ {[%clk 0:00:58]} 55. Kxf3
{[%clk 0:00:42]} Qxd3+ {[%clk 0:01:21]} 56. Kf2 {[%clk 0:00:46]} Qc2+
{[%clk 0:01:15]} 57. Ke3 {[%clk 0:00:38]} Qd2+ {[%clk 0:01:05]} 58. Kf3
{[%clk 0:00:32]} Qd3+ {[%clk 0:01:29]} 59. Kf2 {[%clk 0:00:56]} Qc2+
{[%clk 0:01:54]} 60. Ke3 {[%clk 0:01:22]} Re8 {[%clk 0:01:31]} 61. Rf1
{[%clk 0:00:47]} Qd2+ {[%clk 0:01:17]} 62. Kf3 {[%clk 0:01:06]} Qd3+
{[%clk 0:01:42]} 63. Kf2 {[%clk 0:01:05]} Qd4+ {[%clk 0:02:04]} 64. Kf3
{[%clk 0:01:19]} Qd3+ {[%clk 0:01:46]} 65. Kf2 {[%clk 0:01:44]} 1/2-1/2

[Event "PMPJ 2022 - C13"]
[Site "Jastrzebia Gora"]
[Date "2022.11.12"]
[Round "6.5"]
[White "Chomicki, Kornel"]
[Black "Terkiewicz, Bruno"]
[Result "0-1"]
[BlackElo "1839"]
[WhiteElo "1313"]
[LiveChessVersion "1.4.4"]

1. e4 c6 2. d4 d5 3. Nc3 dxe4 4. Nxe4 Bf5 5. Ng3 Bg6 6. Nf3 Nd7 7. Bd3 e6 8. Bxg6
hxg6 9. c3 Ngf6 10. Bf4 Be7 11. Qd2 Nd5 12. Ne4 Nxf4 13. Qxf4 Nf6 14. Nxf6+ gxf6
15. O-O-O g5 16. Qe4 f5 17. Qe2 g4 18. Ne1 Qd5 19. Kb1 Bd6 20. c4 Qe4+ 21. Qxe4
fxe4 22. g3 O-O-O 23. Nc2 Be7 24. Ne3 f5 25. d5 Kd7 26. dxc6+ Kxc6 27. Rxd8 Bxd8
28. Kc2 Kc5 29. a3 a5 30. b3 Bf6 31. Ng2 Bd4 32. Ne3 Bxe3 33. fxe3 a4 34. bxa4
Kxc4 35. Kd2 Kb3 36. Rb1+ Kxa3 37. Rxb7 Kxa4 38. Re7 Rxh2+ 39. Kd1 Rg2 40. Rxe6
Rxg3 41. Re5 Rf3 42. Ke2 Kb4 43. Re8 Kc4 44. Rd8 Kc5 45. Rd1 g3 46. Rg1 Kd5 47.
Rd1+ Ke5 48. Rg1 f4 49. exf4+ Kxf4 50. Rg2 e3 51. Ke1 Rf2 52. Rg1 Kf3 53. Kd1 e2+
54. Ke1 g2 0-1

[Event "PMPJ 2022 - C13"]
[Site "Jastrzebia Gora"]
[Date "2022.11.12"]
[Round "6.6"]
[White "Prokopiuk, Jakub"]
[Black "Gawlik, Olivier"]
[Result "1/2-1/2"]
[BlackElo "1386"]
[WhiteElo "1651"]
[LiveChessVersion "1.4.4"]

1. e4 {[%clk 1:30:56]} c5 {[%clk 1:30:41]} 2. Nf3 {[%clk 1:31:23]} e6
{[%clk 1:31:06]} 3. d4 {[%clk 1:31:45]} cxd4 {[%clk 1:31:31]} 4. Nxd4
{[%clk 1:32:08]} Nf6 {[%clk 1:31:56]} 5. Nc3 {[%clk 1:32:28]} Bb4
{[%clk 1:32:16]} 6. Bd3 {[%clk 1:27:54]} d6 {[%clk 1:30:14]} 7. Bd2
{[%clk 1:24:22]} e5 {[%clk 1:26:56]} 8. Nde2 {[%clk 1:13:43]} Be6
{[%clk 1:22:07]} 9. O-O {[%clk 1:05:12]} O-O {[%clk 1:11:19]} 10. h3
{[%clk 1:02:49]} Qd7 {[%clk 0:44:03]} 11. Kh2 {[%clk 0:52:59]} Qe7
{[%clk 0:38:11]} 12. Bg5 Ng4+ {[%clk 0:38:30]} 13. hxg4 {[%clk 0:50:17]} Qxg5
{[%clk 0:36:04]} 14. Ng3 {[%clk 0:42:01]} Bxg4 {[%clk 0:33:29]} 15. Be2
{[%clk 0:41:49]} Bxe2 {[%clk 0:18:39]} 16. Ncxe2 {[%clk 0:41:54]} Qh4+
{[%clk 0:16:03]} 17. Kg1 {[%clk 0:38:27]} g6 {[%clk 0:16:08]} 18. c3 Bc5
{[%clk 0:16:33]} 19. b4 {[%clk 0:37:04]} Bb6 {[%clk 0:15:07]} 20. Qxd6
{[%clk 0:30:33]} Qg5 {[%clk 0:13:15]} 21. Qd1 {[%clk 0:29:48]} Rd8
{[%clk 0:09:10]} 22. Qc1 {[%clk 0:27:00]} Qxc1 {[%clk 0:07:53]} 23. Rfxc1
{[%clk 0:24:59]} Nc6 {[%clk 0:07:53]} 24. Rd1 {[%clk 0:24:59]} a5
{[%clk 0:03:59]} 25. b5 {[%clk 0:22:16]} Ne7 26. a4 Kf8 {[%clk 0:03:55]} 27. Kf1
{[%clk 0:20:18]} Rac8 {[%clk 0:02:48]} 28. Ke1 {[%clk 0:19:08]} h5
{[%clk 0:02:39]} 29. Nf1 {[%clk 0:15:45]} Ke8 {[%clk 0:02:25]} 30. Nd2
{[%clk 0:14:23]} Rd3 {[%clk 0:00:52]} 31. Nf3 {[%clk 0:10:25]} Rxd1+
{[%clk 0:00:47]} 32. Kxd1 {[%clk 0:10:41]} f6 {[%clk 0:00:38]} 33. Ke1
{[%clk 0:10:27]} Rc4 {[%clk 0:00:38]} 34. Nd2 {[%clk 0:02:38]} Rc7
{[%clk 0:00:44]} 1/2-1/2

[Event "PMPJ 2022 - C13"]
[Site "Jastrzebia Gora"]
[Date "2022.11.12"]
[Round "6.7"]
[White "Rzap, Filip"]
[Black "Grobelny, Mikolaj"]
[Result "0-1"]
[BlackElo "1493"]
[WhiteElo "1386"]
[LiveChessVersion "1.4.4"]

1. d4 {[%clk 1:30:56]} Nf6 {[%clk 1:30:43]} 2. c4 {[%clk 1:31:22]} c5
{[%clk 1:31:00]} 3. d5 {[%clk 1:31:32]} d6 {[%clk 1:30:19]} 4. Nc3
{[%clk 1:31:48]} e6 {[%clk 1:29:55]} 5. e4 {[%clk 1:31:55]} exd5 {[%clk 1:29:51]}
6. cxd5 {[%clk 1:32:12]} g6 {[%clk 1:28:54]} 7. Nf3 {[%clk 1:31:55]} Bg7
{[%clk 1:28:23]} 8. Be2 {[%clk 1:31:50]} O-O {[%clk 1:28:28]} 9. O-O
{[%clk 1:31:53]} a6 {[%clk 1:28:14]} 10. a4 {[%clk 1:31:36]} Re8 {[%clk 1:27:35]}
11. Nd2 {[%clk 1:29:08]} Qe7 {[%clk 1:22:32]} 12. Re1 {[%clk 1:21:14]} Nbd7
{[%clk 1:20:20]} 13. f4 {[%clk 1:16:42]} Rb8 {[%clk 1:18:27]} 14. a5
{[%clk 1:10:35]} b5 {[%clk 1:16:04]} 15. axb6 {[%clk 1:09:45]} Nxb6
{[%clk 1:15:36]} 16. Kh1 {[%clk 1:06:19]} Bh6 {[%clk 1:12:07]} 17. Nc4
{[%clk 1:00:41]} Nxc4 {[%clk 1:06:23]} 18. Bxc4 {[%clk 1:00:57]} Rb4
{[%clk 1:03:58]} 19. b3 {[%clk 0:57:07]} Ng4 {[%clk 1:02:30]} 20. Ra2
{[%clk 0:51:48]} Bg7 {[%clk 0:48:51]} 21. Qd3 {[%clk 0:48:41]} Nxh2
{[%clk 0:46:34]} 22. Qg3 {[%clk 0:40:58]} Ng4 {[%clk 0:45:21]} 23. Rae2
{[%clk 0:37:36]} Bxc3 {[%clk 0:44:49]} 24. Qxc3 {[%clk 0:37:59]} Qh4+
{[%clk 0:45:11]} 25. Qh3 {[%clk 0:38:08]} Nf2+ {[%clk 0:45:32]} 0-1

[Event "PMPJ 2022 - C13"]
[Site "Jastrzebia Gora"]
[Date "2022.11.12"]
[Round "6.8"]
[White "Rajlich, Vaclav"]
[Black "Protas, Jakub"]
[Result "1-0"]
[BlackElo "1124"]
[WhiteElo "1488"]
[LiveChessVersion "1.4.4"]

1. e4 {[%clk 1:30:57]} c5 {[%clk 1:30:52]} 2. Nf3 {[%clk 1:31:26]} d6
{[%clk 1:31:11]} 3. d4 {[%clk 1:31:54]} cxd4 {[%clk 1:31:33]} 4. Nxd4
{[%clk 1:32:21]} Nf6 {[%clk 1:31:43]} 5. Nc3 {[%clk 1:32:48]} g6 {[%clk 1:31:57]}
6. Be3 {[%clk 1:33:15]} Bg7 {[%clk 1:32:12]} 7. f3 {[%clk 1:33:42]} Nc6
{[%clk 1:32:19]} 8. Qd2 {[%clk 1:34:08]} Bd7 {[%clk 1:32:05]} 9. O-O-O
{[%clk 1:34:32]} Rc8 {[%clk 1:31:54]} 10. g4 {[%clk 1:33:01]} Ne5
{[%clk 1:31:01]} 11. Be2 {[%clk 1:32:49]} Nc4 {[%clk 1:27:39]} 12. Bxc4
{[%clk 1:33:10]} Rxc4 {[%clk 1:27:56]} 13. h4 {[%clk 1:32:35]} h5
{[%clk 1:21:26]} 14. g5 {[%clk 1:31:23]} Ng8 {[%clk 1:20:59]} 15. f4
{[%clk 1:30:45]} Bg4 {[%clk 1:19:11]} 16. Rdf1 {[%clk 1:30:44]} f5
{[%clk 1:00:35]} 17. exf5 {[%clk 1:23:36]} gxf5 {[%clk 0:58:19]} 18. Nd5
{[%clk 1:22:13]} Qd7 {[%clk 0:47:52]} 19. Qd3 {[%clk 1:19:47]} Rc5
{[%clk 0:43:14]} 20. Ne6 {[%clk 1:17:40]} Qxe6 {[%clk 0:27:01]} 21. Bxc5
{[%clk 1:17:43]} Kf8 {[%clk 0:25:43]} 22. Re1 {[%clk 1:17:22]} Qc8
{[%clk 0:24:28]} 23. Bd4 {[%clk 1:17:06]} Bxd4 {[%clk 0:20:53]} 24. Qxd4
{[%clk 1:17:27]} 1-0

[Event "PMPJ 2022 - C13"]
[Site "Jastrzebia Gora"]
[Date "2022.11.12"]
[Round "6.9"]
[White "Michalak, Leon"]
[Black "Kowalski, Witold"]
[Result "0-1"]
[BlackElo "1528"]
[WhiteElo "1147"]
[LiveChessVersion "1.4.4"]

1. e4 c5 2. Nf3 d6 3. Bb5+ Nd7 4. O-O a6 5. Bc4 Ngf6 6. Re1 e6 7. Nc3 b5 8. Bf1
Be7 9. d4 Bb7 10. e5 dxe5 11. Nxe5 Nxe5 {[%clk 1:02:18]} 12. dxe5
{[%clk 1:18:41]} Qxd1 {[%clk 1:02:08]} 13. Nxd1 {[%clk 1:14:57]} Nd5
{[%clk 1:01:15]} 14. Ne3 {[%clk 1:13:30]} O-O {[%clk 0:45:27]} 15. g3
{[%clk 1:07:40]} Rfd8 {[%clk 0:39:14]} 16. Bg2 {[%clk 1:06:45]} Rd7
{[%clk 0:33:54]} 17. Nxd5 {[%clk 1:06:23]} Bxd5 {[%clk 0:34:08]} 18. Bxd5
{[%clk 0:55:28]} Rxd5 {[%clk 0:34:07]} 19. Kf1 {[%clk 0:53:17]} Rad8
{[%clk 0:30:49]} 20. f4 {[%clk 0:50:43]} h6 {[%clk 0:25:01]} 21. Ke2
{[%clk 0:48:08]} f6 {[%clk 0:20:05]} 22. exf6 {[%clk 0:48:12]} Bxf6
{[%clk 0:20:24]} 23. c3 {[%clk 0:48:21]} b4 {[%clk 0:17:29]} 24. cxb4 cxb4 25.
Rb1 {[%clk 0:47:05]} Kf7 {[%clk 0:14:57]} 26. b3 {[%clk 0:47:28]} Rc5
{[%clk 0:14:03]} 27. Kf1 {[%clk 0:46:31]} Rc2 {[%clk 0:13:34]} 28. Be3
{[%clk 0:41:07]} Rxh2 {[%clk 0:11:05]} 29. Re2 {[%clk 0:41:10]} Rxe2
{[%clk 0:06:47]} 30. Kxe2 {[%clk 0:41:38]} Rd5 {[%clk 0:05:53]} 31. Rd1
{[%clk 0:37:01]} Ra5 {[%clk 0:04:34]} 32. Rd2 {[%clk 0:36:59]} Bc3
{[%clk 0:02:23]} 33. Rc2 {[%clk 0:35:22]} Rd5 {[%clk 0:00:28]} 34. Kf3
{[%clk 0:32:21]} Kf6 {[%clk 0:00:44]} 35. Re2 {[%clk 0:31:52]} h5
{[%clk 0:00:45]} 36. Bf2 {[%clk 0:29:41]} Kf5 {[%clk 0:00:46]} 37. Be3
{[%clk 0:28:43]} Rd3 {[%clk 0:00:51]} 38. Kg2 {[%clk 0:26:40]} g6
{[%clk 0:00:48]} 39. Bc5 {[%clk 0:24:45]} Rd5 {[%clk 0:00:34]} 40. Be7
{[%clk 0:23:56]} Rd7 {[%clk 0:00:38]} 41. Bc5 {[%clk 0:22:57]} Rd3
{[%clk 0:00:44]} 42. Be7 {[%clk 0:22:17]} e5 {[%clk 0:00:47]} 43. fxe5
{[%clk 0:21:50]} Bxe5 {[%clk 0:00:36]} 44. Kh3 {[%clk 0:18:09]} Rxg3+
{[%clk 0:00:19]} 45. Kh4 {[%clk 0:18:33]} Rg4+ {[%clk 0:00:52]} 46. Kh3
{[%clk 0:18:46]} g5 {[%clk 0:00:49]} 0-1

[Event "PMPJ 2022 - C13"]
[Site "Jastrzebia Gora"]
[Date "2022.11.12"]
[Round "6.10"]
[White "Krogulski, Maksymilian"]
[Black "Rabenda, Piotr"]
[Result "1/2-1/2"]
[BlackElo "1381"]
[WhiteElo "1515"]
[LiveChessVersion "1.4.4"]

1. e4 {[%clk 1:30:30]} c5 {[%clk 1:30:56]} 2. Nf3 {[%clk 1:31:23]} d6
{[%clk 1:31:23]} 3. c3 {[%clk 1:31:49]} Nf6 {[%clk 1:31:49]} 4. h3
{[%clk 1:32:19]} Nc6 {[%clk 1:32:13]} 5. Bd3 {[%clk 1:32:48]} d5 {[%clk 1:31:58]}
6. exd5 {[%clk 1:33:16]} Nxd5 {[%clk 1:32:19]} 7. O-O {[%clk 1:33:26]} e6
{[%clk 1:32:30]} 8. Re1 {[%clk 1:33:44]} Be7 {[%clk 1:32:48]} 9. Bc2
{[%clk 1:34:03]} O-O {[%clk 1:33:05]} 10. d4 {[%clk 1:34:03]} cxd4
{[%clk 1:32:34]} 11. Nxd4 {[%clk 1:34:31]} Nxd4 {[%clk 1:32:18]} 12. Qxd4
{[%clk 1:34:52]} Nf6 {[%clk 1:30:20]} 13. Qxd8 {[%clk 1:34:29]} Rxd8
{[%clk 1:30:42]} 14. Be3 {[%clk 1:34:25]} b6 {[%clk 1:30:24]} 15. Nd2
{[%clk 1:34:45]} Bb7 {[%clk 1:30:47]} 16. Rad1 {[%clk 1:34:41]} Rac8
{[%clk 1:25:44]} 17. Nf3 {[%clk 1:32:52]} Bxf3 {[%clk 1:23:40]} 18. gxf3
{[%clk 1:33:20]} Nd5 {[%clk 1:23:48]} 19. Bb3 {[%clk 1:33:16]} Nxe3
{[%clk 1:23:32]} 20. fxe3 {[%clk 1:33:44]} g6 {[%clk 1:22:15]} 21. Kf1
{[%clk 1:33:50]} Bh4 {[%clk 1:19:47]} 22. Rxd8+ {[%clk 1:32:48]} Rxd8
{[%clk 1:19:45]} 23. Rd1 {[%clk 1:33:17]} Rxd1+ {[%clk 1:18:14]} 24. Bxd1
{[%clk 1:33:46]} Kf8 {[%clk 1:18:08]} 25. Ke2 {[%clk 1:34:16]} Ke7
{[%clk 1:17:49]} 26. Kd3 {[%clk 1:34:45]} Kd6 {[%clk 1:16:25]} 27. Kc4
{[%clk 1:35:06]} a6 {[%clk 1:14:35]} 28. Be2 {[%clk 1:35:14]} Bf2
{[%clk 1:14:31]} 29. Kd4 {[%clk 1:34:13]} e5+ {[%clk 1:12:35]} 30. Kd3
{[%clk 1:34:36]} f5 {[%clk 1:10:57]} 31. Bd1 {[%clk 1:34:51]} h6 {[%clk 1:10:23]}
32. a4 {[%clk 1:33:28]} g5 {[%clk 1:09:30]} 33. Ke2 {[%clk 1:32:35]} Bg1
{[%clk 1:04:36]} 34. Bc2 {[%clk 1:31:48]} f4 {[%clk 0:59:20]} 35. exf4
{[%clk 1:31:29]} gxf4 {[%clk 0:58:51]} 36. Bd3 {[%clk 1:31:49]} a5
{[%clk 0:59:02]} 37. Bg6 {[%clk 1:31:07]} Be3 {[%clk 0:54:41]} 38. Kd3
{[%clk 1:31:37]} Bc1 {[%clk 0:52:03]} 39. b3 {[%clk 1:32:05]} Bb2
{[%clk 0:49:44]} 40. Kc4 {[%clk 1:26:13]} Bc1 {[%clk 0:41:32]} 41. Kb5
{[%clk 1:25:41]} Bd2 {[%clk 0:41:12]} 42. Kc4 {[%clk 1:25:15]} Ke6
{[%clk 0:37:05]} 43. b4 {[%clk 1:19:41]} Kd6 {[%clk 0:35:40]} 44. Bf5
{[%clk 1:19:11]} h5 {[%clk 0:31:45]} 45. Bg6 {[%clk 1:18:20]} h4 {[%clk 0:32:10]}
46. Bf5 {[%clk 1:18:39]} Be1 {[%clk 0:31:39]} 47. Be4 {[%clk 1:14:41]} Ke6
{[%clk 0:29:16]} 48. Bc2 {[%clk 1:13:18]} Kd6 {[%clk 0:29:05]} 49. Bb3
{[%clk 1:13:46]} Bd2 {[%clk 0:28:24]} 50. Ba2 {[%clk 1:13:11]} Be1
{[%clk 0:28:18]} 51. Bb1 {[%clk 1:12:08]} Bd2 {[%clk 0:27:20]} 52. Be4
{[%clk 1:11:42]} Be1 {[%clk 0:27:15]} 53. Bh7 {[%clk 1:11:46]} Bd2
{[%clk 0:27:10]} 54. Kd3 {[%clk 1:12:14]} Be1 {[%clk 0:27:31]} 55. Kc4
{[%clk 1:09:43]} Bd2 {[%clk 0:27:54]} 56. Kb5 {[%clk 1:06:19]} Bxc3
{[%clk 0:28:08]} 57. Kxb6 {[%clk 1:06:23]} Bxb4 {[%clk 0:28:29]} 1/2-1/2

[Event "PMPJ 2022 - C13"]
[Site "Jastrzebia Gora"]
[Date "2022.11.12"]
[Round "6.11"]
[White "Wasiluk, Mateusz"]
[Black "Wiecek, Dominik"]
[Result "1-0"]
[BlackElo "1077"]
[WhiteElo "1477"]
[LiveChessVersion "1.4.4"]

1. e4 {[%clk 1:30:58]} e5 {[%clk 1:30:59]} 2. Nf3 {[%clk 1:31:21]} Nc6
{[%clk 1:31:28]} 3. Bc4 {[%clk 1:31:42]} Nf6 {[%clk 1:31:51]} 4. d3
{[%clk 1:32:06]} d5 {[%clk 1:25:57]} 5. exd5 {[%clk 1:32:25]} Nxd5
{[%clk 1:26:24]} 6. O-O {[%clk 1:32:22]} Bg4 {[%clk 1:19:45]} 7. h3
{[%clk 1:32:42]} Bh5 {[%clk 1:19:55]} 8. g4 {[%clk 1:25:27]} Bg6 {[%clk 1:19:51]}
9. Nxe5 {[%clk 1:23:54]} Nxe5 {[%clk 1:14:01]} 10. Re1 {[%clk 1:24:17]} f6
{[%clk 1:10:35]} 11. f4 {[%clk 1:23:27]} Ne7 {[%clk 0:59:58]} 12. fxe5
{[%clk 1:23:11]} fxe5 {[%clk 0:59:54]} 13. Nc3 {[%clk 1:18:03]} a6
{[%clk 0:56:57]} 14. Bg5 {[%clk 1:15:23]} Qd4+ {[%clk 0:56:07]} 15. Be3
{[%clk 1:15:40]} Qd6 {[%clk 0:56:05]} 16. Qf3 {[%clk 1:07:27]} O-O-O
{[%clk 0:51:39]} 17. b4 {[%clk 1:05:40]} h5 {[%clk 0:51:04]} 18. a4
{[%clk 0:55:24]} hxg4 {[%clk 0:48:23]} 19. hxg4 {[%clk 0:55:06]} e4
{[%clk 0:37:59]} 20. Nxe4 {[%clk 0:52:55]} Qh2+ {[%clk 0:31:32]} 21. Kf1
{[%clk 0:53:15]} Qxc2 {[%clk 0:31:49]} 22. Ba7 {[%clk 0:45:09]} Bxe4
{[%clk 0:29:55]} 23. Be6+ {[%clk 0:45:03]} Rd7 {[%clk 0:30:08]} 24. Qxe4
{[%clk 0:44:34]} g5 {[%clk 0:24:32]} 25. Bxd7+ {[%clk 0:44:35]} Kxd7
{[%clk 0:24:34]} 26. Qd4+ {[%clk 0:44:23]} Ke8 {[%clk 0:24:14]} 27. Qxh8
{[%clk 0:43:43]} Qxd3+ {[%clk 0:23:40]} 28. Re2 {[%clk 0:44:06]} b6
{[%clk 0:23:36]} 29. Qh2 {[%clk 0:42:50]} Qf3+ {[%clk 0:23:31]} 30. Rf2
{[%clk 0:43:05]} Qb7 {[%clk 0:23:58]} 31. Qh5+ {[%clk 0:43:18]} Kd7
{[%clk 0:24:05]} 32. Rd1+ {[%clk 0:43:35]} Ke6 {[%clk 0:24:02]} 33. Qf7+
{[%clk 0:43:56]} Ke5 {[%clk 0:24:29]} 34. Qf6+ {[%clk 0:44:11]} Ke4
{[%clk 0:24:36]} 35. Re2# {[%clk 0:44:37]} 1-0

[Event "PMPJ 2022 - C13"]
[Site "Jastrzebia Gora"]
[Date "2022.11.12"]
[Round "6.12"]
[White "Glaz, Michal"]
[Black "Fil, Grzegorz"]
[Result "1/2-1/2"]
[BlackElo "1140"]
[WhiteElo "1365"]
[LiveChessVersion "1.4.4"]

1. e4 c5 2. Nf3 Nc6 3. d4 cxd4 4. Nxd4 e5 5. Nb5 d6 6. c4 Nf6 7. N1c3 a6 8. Na3
Be6 9. Nc2 Rc8 10. Be2 Be7 11. Be3 O-O 12. O-O Nb8 13. b3 Nbd7 14. f3 Qc7 15. Rc1
b5 16. Nd5 Bxd5 17. cxd5 Qc3 18. Bd2 Qb2 19. Nb4 Nb8 20. Rc2 Rxc2 21. Qxc2 Qxc2
22. Nxc2 Rc8 23. Rc1 Bd8 24. b4 Bb6+ 25. Kf1 Nbd7 26. Ne3 Rxc1+ 27. Bxc1 g6 28.
Bd1 Ba7 29. Bb3 Nb6 30. Nd1 Ne8 31. Ne3 Nc7 32. Ke1 1/2-1/2

[Event "PMPJ 2022 - C13"]
[Site "Jastrzebia Gora"]
[Date "2022.11.12"]
[Round "6.13"]
[White "Krasniewski, Grzegorz"]
[Black "Nagly, Krzysztof"]
[Result "1-0"]
[BlackElo "1306"]
[WhiteElo "1129"]
[LiveChessVersion "1.4.4"]

1. e4 c5 2. Nf3 Nc6 3. d4 cxd4 4. Nxd4 g6 5. c4 Bg7 6. Be3 Nf6 7. Nc3 Ng4 8. Qxg4
Nxd4 9. Qd1 e5 10. Bd3 d6 11. O-O O-O 12. Bxd4 exd4 13. Nd5 f5 14. f3 f4 15. Qd2
Be5 16. Rac1 Bd7 17. b3 h5 18. c5 dxc5 19. Rxc5 Rc8 20. Rxc8 Bxc8 21. Rc1 b6 22.
Rxc8 Qh4 23. Rxf8+ Kxf8 24. Qf2 Qd8 25. Qd2 Qh4 26. Qc1 Kf7 27. Bc4 Ke8 28. Bb5+
Kf7 29. Bc4 Ke8 30. Nb4 Bd6 31. Bb5+ Kd8 32. Nc6+ Kd7 33. Nxa7+ Ke6 34. Qc8+ Kf6
35. Qd8+ Be7 36. Qxd4+ Kg5 37. Qe5+ Kh6 38. g3 Bc5+ 39. Qxc5 fxg3 40. Qc2 gxh2+
41. Qxh2 Qe1+ 42. Bf1 Qe3+ 43. Qf2 Qg5+ 44. Qg2 Qe3+ 45. Kh1 h4 46. Nb5 g5 47.
Nd6 Kg6 48. Qg4 Qf2 49. Qf5+ Kh6 50. Qf8+ Kh5 51. Qf7+ Kh6 {[%clk 1:22:59]} 52.
Nf5# {[%clk 0:25:46]} 1-0

[Event "PMPJ 2022 - C13"]
[Site "Jastrzebia Gora"]
[Date "2022.11.12"]
[Round "6.14"]
[White "Budzen, Wojciech"]
[Black "Kuczmik, Adam"]
[Result "1-0"]
[BlackElo "1105"]
[WhiteElo "1230"]
[LiveChessVersion "1.4.4"]

1. e4 e5 2. Nf3 Nf6 3. Nc3 Nc6 4. Bc4 Bc5 5. d3 h6 6. O-O O-O 7. Be3 Bb6 8. h3 d6
9. Qd2 Kh7 10. Rfe1 Rg8 11. Bxf7 Rf8 12. Bb3 Ne8 13. Bxb6 axb6 14. Qe3 g6 15. d4
Qf6 16. Nd5 Qd8 17. dxe5 dxe5 18. Rad1 Bd7 19. Rd2 Qc8 20. Red1 Nd6 21. Nxb6 cxb6
22. Rxd6 Nd4 23. Nxe5 Nxb3 24. Rxd7+ Kg8 25. Qxb3+ Kh8 26. Nxg6# 1-0

[Event "PMPJ 2022 - C13"]
[Site "Jastrzebia Gora"]
[Date "2022.11.12"]
[Round "6.15"]
[White "Warchol, Wiktor"]
[Black "Kryston, Aleksander"]
[Result "0-1"]
[BlackElo "1323"]
[WhiteElo "1254"]
[LiveChessVersion "1.4.4"]

1. e4 c5 2. Nf3 d6 3. d4 cxd4 4. Nxd4 Nf6 5. Nc3 a6 6. Bd3 e5 7. Nf3 Be7 8. O-O
O-O 9. Bg5 Be6 10. Bxf6 Bxf6 11. Nd5 Bxd5 12. exd5 Nd7 13. c4 Nc5 14. Re1 Re8 15.
Be4 g6 16. b4 Nxe4 17. Rxe4 Bg7 18. Rc1 f5 19. Re2 Qb6 20. a3 e4 21. Nd2 Bd4 22.
Nb3 Bg7 23. c5 dxc5 24. bxc5 Qd8 25. d6 Qd7 26. Qd5+ Kf8 27. c6 bxc6 28. Rxc6 Re5
29. Qc4 Rb8 30. Rc7 Qe6 31. Qxe6 Rxe6 32. Nc1 Rxd6 33. g3 Bb2 34. Na2 Bxa3 35.
Rxh7 Rb2 36. Rxb2 Bxb2 37. Ra7 Rd2 38. Rxa6 Bd4 39. Nb4 Rxf2 40. Ra8+ Kg7 41. Rb8
Rb2+ 42. Kh1 e3 0-1

[Event "PMPJ 2022 - C13"]
[Site "Jastrzebia Gora"]
[Date "2022.11.12"]
[Round "6.16"]
[White "Jasion, Wiktor"]
[Black "Raszkiewicz, Wiktor"]
[Result "0-1"]
[BlackElo "1221"]
[WhiteElo "1180"]
[LiveChessVersion "1.4.4"]

1. e4 e5 2. Nf3 Nc6 3. Bc4 Bc5 4. c3 Nf6 5. d4 exd4 6. cxd4 Bb4+ 7. Nc3 Nxe4 8.
O-O Nxc3 9. bxc3 Bxc3 10. Bxf7+ Kxf7 11. Qb3+ d5 12. Qxc3 Re8 13. Ng5+ Kg8 14.
Qf3 Qf6 15. Bb2 Qxf3 16. Nxf3 Bg4 17. Nd2 Re2 18. Bc3 Nxd4 19. Rfe1 Rxe1+ 20.
Rxe1 Ne2+ 0-1

[Event "PMPJ 2022 - C13"]
[Site "Jastrzebia Gora"]
[Date "2022.11.12"]
[Round "6.18"]
[White "Bastock, Luis"]
[Black "Kwiatkowski, Michal"]
[Result "0-1"]
[BlackElo "1198"]
[WhiteElo "1035"]
[LiveChessVersion "1.4.4"]

1. e4 c5 2. Nf3 g6 3. d4 cxd4 4. Qxd4 Nf6 5. Nc3 Nc6 6. Qa4 d6 7. Bg5 Bg7 8. e5
dxe5 9. Nxe5 Qc7 10. Nxc6 bxc6 11. Be2 O-O 12. O-O Be6 13. Rad1 Nd5 14. Qh4 Nxc3
15. bxc3 Rfe8 16. Bg4 Bxg4 17. Qxg4 e6 18. Qf3 Qe5 19. Rd7 Qf5 20. Qxf5 exf5 21.
c4 h6 22. Be7 Bf8 23. Bxf8 Kxf8 24. Rc7 Rec8 25. Rxc8+ Rxc8 26. Rb1 Rd8 27. Kf1
Rd7 28. Ke2 Ke7 29. Ke3 Kd6 30. Rd1+ Ke6 31. Rxd7 Kxd7 32. Kd4 Kd6 33. c5+ Ke6
34. Kc4 Kd7 35. Kd4 f6 36. a4 a5 37. c4 Ke6 38. f4 g5 39. g3 Kf7 40. Ke3 Kg6 41.
Kf3 Kh5 42. h3 g4+ 43. hxg4+ fxg4+ 44. Ke3 Kg6 45. Ke4 h5 46. Ke3 h4 47. gxh4 Kh5
48. Kf2 Kxh4 49. Kg2 g3 50. f5 Kg4 51. Kg1 Kxf5 52. Kg2 Kg4 53. Kg1 0-1